000 00807nac a22001931u 4500
020 _a8120323211
082 _a005.13
_bJ331
090 _c483
_d483
100 _aJana, Debasish
245 _aC++ and object - oriented programming paradigm:
_cDebasish Jana
250 _a1st ed.
260 _aNew Delhi:
_bPrentice - Hall of India,
_c2003
300 _a567 p.
_bill.;
_c24 cm.
500 _aIncludes index
650 _aC++ (Computer program language)
942 _cBB
_k005.13J331
999 _c483
_d483